000 00565nam a2200241Ia 4500
005 20260320200905.0
008 008 262003s9999 xx 000 0 eng d
037 _aEBOOK
040 _aCRL
040 _beng
040 _cCRL
041 _2eng
041 _aeng
084 _qCRL
100 _aRadu
_91133707
245 0 _aImplementing Electronic Card Payment Systems
260 _bIEEE
260 _c2002
856 _uhttps://ieeexplore.ieee.org/servlet/opac?bknumber=9100590
942 _cEBOOK
999 _c1717518
_d1717518